000 00873cam a2200289u 4500
001 4043
003 BD-RjUL
005 20211208233826.0
008 131221s1922 enk 000 0 eng d
035 _a(BD-RjUL)4077
040 _aDLC
_cCarP
_dDLC
_d(BD-RjUL)
_beng
041 _aeng
082 0 4 _a 808.8
_bTAB
100 1 _aMargoliouth, D. S.
_d940?-994. [from old catalog]
_912861
245 1 4 _aThe table-talk of a Mesopotamian judge, /
260 _a[London]
_bRoyal Asiatic Society,
_c1922
300 _aviii,300p. ;
_c24 cm.
504 _aIncludes Index
650 0 _aTable-talk
_vEarly works to 1800.
_912862
700 1 _q(David Samuel),
_d1858-1940.
_912863
740 0 _aNishwār al-muḥāḍarah.
740 0 _aJāmiʻi al-tawārkih.
942 _2ddc
_cBK
999 _c4043
_d4043